| 000 | 00985cam a22002533a 4500 | ||
|---|---|---|---|
| 001 | 13778 | ||
| 003 | PGUSA | ||
| 005 | 20140828083308.0 | ||
| 008 | 041018s2004||||xxu|||||s|||||000 | eng d | ||
| 040 |
_aPGUSA _beng |
||
| 042 | _adc | ||
| 050 | 4 | _aCT | |
| 100 | 1 |
_aHubbard, Elbert, _d1856-1915 |
|
| 245 | 1 | 0 |
_aLittle Journeys to the Homes of the Great - Volume 02 : _bLittle Journeys To the Homes of Famous Women _h[electronic resource] / _cElbert Hubbard |
| 260 |
_bProject Gutenberg, _c2004 |
||
| 505 | 0 | _aElizabeth B. Browning -- Madame Guyon -- Harriet Martineau -- Charlotte Brontë -- Christina Rossetti -- Rosa Bonheur -- Madame de Staël -- Elizabeth Fry -- Mary Lamb -- Jane Austen -- Empress Josephine -- Mary W. Shelley. | |
| 506 | _aPublic domain in the USA. | ||
| 516 | _aElectronic text | ||
| 653 | _aWomen -- Biography | ||
| 700 | 1 |
_aHubbard, Bert, _d1882- |
|
| 830 | 0 |
_aProject Gutenberg _v13778 |
|
| 856 | 4 | 0 | _uhttp://www.gutenberg.org/ebooks/13778 |
| 942 | _cEB | ||
| 999 |
_c243033 _d243033 |
||